<?xml version="1.0" encoding="UTF-8"?>
<record
    xmlns:xsi="http://www.w3.org/2001/XMLSchema-instance"
    xsi:schemaLocation="http://www.loc.gov/MARC21/slim http://www.loc.gov/standards/marcxml/schema/MARC21slim.xsd"
    xmlns="http://www.loc.gov/MARC21/slim">

  <leader>03034nam a2200313 i 4500</leader>
  <controlfield tag="001">000014388</controlfield>
  <controlfield tag="003">DO-SdBNP</controlfield>
  <controlfield tag="005">20250820123230.0</controlfield>
  <controlfield tag="007">ta</controlfield>
  <controlfield tag="008">091211s2002    dr a          000 0 spa d</controlfield>
  <datafield tag="040" ind1=" " ind2=" ">
    <subfield code="a">DO-SdBNP</subfield>
    <subfield code="b">spa</subfield>
    <subfield code="c">BNPHU</subfield>
    <subfield code="e">rda</subfield>
  </datafield>
  <datafield tag="041" ind1=" " ind2=" ">
    <subfield code="a">spa</subfield>
  </datafield>
  <datafield tag="082" ind1=" " ind2="4">
    <subfield code="a">972.9373</subfield>
    <subfield code="b">O12b</subfield>
    <subfield code="2">22</subfield>
  </datafield>
  <datafield tag="100" ind1="1" ind2=" ">
    <subfield code="a">Obj&#xED;o G. , C&#xE9;sar F.</subfield>
    <subfield code="e">autor</subfield>
    <subfield code="4">aut.</subfield>
    <subfield code="9">32495</subfield>
  </datafield>
  <datafield tag="245" ind1="1" ind2="0">
    <subfield code="a">Del Ban&#xED; tradicional /</subfield>
    <subfield code="c">C&#xE9;sar F. Obj&#xED;o G. ; pr&#xF3;logo, H&#xE9;ctor Inch&#xE1;ustegui Cabral.</subfield>
  </datafield>
  <datafield tag="264" ind1=" " ind2="1">
    <subfield code="a">Ban&#xED;, Provincia Peravia, Rep&#xFA;blica Dominicana :</subfield>
    <subfield code="b">Gr&#xE1;ficas ITESA,</subfield>
    <subfield code="c">2002.</subfield>
  </datafield>
  <datafield tag="300" ind1=" " ind2=" ">
    <subfield code="a">291 p&#xE1;ginas :</subfield>
    <subfield code="b">ilustraciones ;</subfield>
    <subfield code="c">21 cm.</subfield>
  </datafield>
  <datafield tag="336" ind1=" " ind2=" ">
    <subfield code="a">texto</subfield>
    <subfield code="b">txt</subfield>
    <subfield code="2">rdacontent</subfield>
  </datafield>
  <datafield tag="337" ind1=" " ind2=" ">
    <subfield code="a">sin mediaci&#xF3;n</subfield>
    <subfield code="b">n</subfield>
    <subfield code="2">rdamedia</subfield>
  </datafield>
  <datafield tag="338" ind1=" " ind2=" ">
    <subfield code="a">volumen</subfield>
    <subfield code="b">nc</subfield>
    <subfield code="2">rdacarrier</subfield>
  </datafield>
  <datafield tag="505" ind1=" " ind2=" ">
    <subfield code="t">Homenaje a Ban&#xED; --</subfield>
    <subfield code="t">Fundaci&#xF3;n de Ban&#xED; --</subfield>
    <subfield code="t">Una foto banileja famosa en la historia --</subfield>
    <subfield code="t">Relaci&#xF3;n de casas y personaje alrededor del parque --</subfield>
    <subfield code="t">Incendio del Teatro de Cintr&#xF3;n -- </subfield>
    <subfield code="t">La Pintura de la Iglesia -- </subfield>
    <subfield code="t">Banilejo: siembra hielo -- </subfield>
    <subfield code="t">&#xBF;De d&#xF3;nde vienen los cuartos? --</subfield>
    <subfield code="t">Ban&#xED; en sus fiestas patronales --</subfield>
    <subfield code="t">Las fiestas patronales de Ban&#xED; en los a&#xF1;os 40 --</subfield>
    <subfield code="t">Recordando c&#xF3;mo eran las fiestas patronales de otros a&#xF1;os --</subfield>
    <subfield code="t">Noviembre 1910 --</subfield>
    <subfield code="t">Amancia Obj&#xED;o And&#xFA;jar --</subfield>
    <subfield code="t">La Ermita de Las Tablas, Ban&#xED; --</subfield>
    <subfield code="t">Ronda nocturna por Villa Majega --</subfield>
    <subfield code="t">La Gran Parada --</subfield>
    <subfield code="t">Personajes populares banilejos --</subfield>
    <subfield code="t">Mart&#xED;n el Farolero --</subfield>
    <subfield code="t">Las Ma&#xF1;icas --</subfield>
    <subfield code="t">Don Octavio Rojas --</subfield>
    <subfield code="t">Don Eduardo Cintr&#xF3;n V --</subfield>
    <subfield code="t">Dr. H&#xE9;ctor Israel P&#xE9;rez Reyes --</subfield>
    <subfield code="t">Don Julio Alberto Hern&#xE1;ndez  --</subfield>
    <subfield code="t">Don H&#xE9;ctor Colombino Perell&#xF3; G /</subfield>
    <subfield code="g">OFRENDAS L&#xCD;RICAS AL VALLE DEL ENSUE&#xD1;O --</subfield>
    <subfield code="t">Ban&#xED; y sus matices carnavalescos --</subfield>
    <subfield code="t">Autoridades y personajes de Ban&#xED; en 1905 --</subfield>
    <subfield code="t">Parque de Ban&#xED; --</subfield>
    <subfield code="t">Anuncios comerciantes en 1917 --</subfield>
    <subfield code="t">Ban&#xED; a comienzos del siglo XX --</subfield>
    <subfield code="t">Jos&#xE9; Ram&#xF3;n L&#xF3;pez --</subfield>
    <subfield code="t">Francisco Gregorio Billini --</subfield>
    <subfield code="t">Espl&#xE9;ndido pasa-d&#xED;a en Ban&#xED; -- </subfield>
    <subfield code="t">Sugerencia sobre Engracia y Anto&#xF1;ita --</subfield>
    <subfield code="t">Bajo las florestas banilejas --</subfield>
    <subfield code="t">In memorian Joaqu&#xED;n Sergio Inch&#xE1;ustegui And&#xFA;jar --</subfield>
    <subfield code="t">Ban&#xED; --</subfield>
    <subfield code="t">Reinado en Ban&#xED; --</subfield>
    <subfield code="t">Recordando a Carmita Landestoy -- </subfield>
    <subfield code="t">El poeta Heredia no naci&#xF3; en Santo Domingo por culpa de Toussaint -- </subfield>
    <subfield code="t">Or&#xED;genes del sistema de riego de Ban&#xED; --</subfield>
    <subfield code="t">Las salinas de Puerto Hermoso son un patrimonio de Ban&#xED; -- </subfield>
    <subfield code="t">Palabras pronunciadas por H. Colombino Perell&#xF3; --</subfield>
    <subfield code="t">Aquellas tertulias banilejas --</subfield>
    <subfield code="t">Nicol&#xE1;s Heredia era dominicano, no cubano --</subfield>
    <subfield code="t">Algo sobre el Dr. Bienvenido Carrasco --</subfield>
    <subfield code="t">San Juan se fue a bailar Sarandunga --</subfield>
    <subfield code="t">Los ecos veraniegos de la &#xFA;ltima Sarandunga --</subfield>
    <subfield code="t">Recuerdos banilejos --</subfield>
    <subfield code="t">Im&#xE1;genes y sentimientos -- </subfield>
    <subfield code="t">El hombre que vivi&#xF3; del accidente -- 
</subfield>
    <subfield code="t">Agua banileja --</subfield>
    <subfield code="t">Caimito del Guayabal /</subfield>
  </datafield>
  <datafield tag="590" ind1=" " ind2=" ">
    <subfield code="a">Inventariado, 2025/ YL</subfield>
  </datafield>
  <datafield tag="650" ind1=" " ind2="0">
    <subfield code="a">Ciudades y pueblos</subfield>
    <subfield code="z">Rep&#xFA;blica Dominicana</subfield>
    <subfield code="9">32619</subfield>
    <subfield code="2">LEMB</subfield>
  </datafield>
  <datafield tag="650" ind1=" " ind2="0">
    <subfield code="a">Ciudades y pueblos</subfield>
    <subfield code="z">Rep&#xFA;blica Dominicana</subfield>
    <subfield code="x">Historia</subfield>
    <subfield code="9">32619</subfield>
  </datafield>
  <datafield tag="651" ind1=" " ind2="4">
    <subfield code="a">Ban&#xED; (Rep&#xFA;blica Dominicana)</subfield>
    <subfield code="x">Historia local</subfield>
    <subfield code="9">6339</subfield>
  </datafield>
  <datafield tag="700" ind1="1" ind2=" ">
    <subfield code="a">Inch&#xE1;ustegui Cabral, H&#xE9;ctor,</subfield>
    <subfield code="d">1912-1979</subfield>
    <subfield code="e">prologuista</subfield>
    <subfield code="9">21024</subfield>
    <subfield code="4">prol.</subfield>
  </datafield>
  <datafield tag="910" ind1=" " ind2=" ">
    <subfield code="a">Validado. Control de calidad BNPHU</subfield>
  </datafield>
  <datafield tag="942" ind1=" " ind2=" ">
    <subfield code="2">ddc</subfield>
    <subfield code="c">LBS1</subfield>
  </datafield>
  <datafield tag="952" ind1=" " ind2=" ">
    <subfield code="0">0</subfield>
    <subfield code="1">0</subfield>
    <subfield code="2">ddc</subfield>
    <subfield code="5">1</subfield>
    <subfield code="7">0</subfield>
    <subfield code="8">PD</subfield>
    <subfield code="a">BNPHU</subfield>
    <subfield code="b">BNPHU</subfield>
    <subfield code="c">HD</subfield>
    <subfield code="d">2009-12-11</subfield>
    <subfield code="i">LF1</subfield>
    <subfield code="l">0</subfield>
    <subfield code="o">BNPHU PD 972.9373 O12b</subfield>
    <subfield code="p">14388-10</subfield>
    <subfield code="r">2020-06-25</subfield>
    <subfield code="w">2020-06-25</subfield>
    <subfield code="y">LBS1</subfield>
    <subfield code="Z">No se presta</subfield>
  </datafield>
  <datafield tag="952" ind1=" " ind2=" ">
    <subfield code="0">0</subfield>
    <subfield code="1">0</subfield>
    <subfield code="2">ddc</subfield>
    <subfield code="5">1</subfield>
    <subfield code="7">0</subfield>
    <subfield code="8">PD</subfield>
    <subfield code="a">BNPHU</subfield>
    <subfield code="b">BNPHU</subfield>
    <subfield code="c">HD</subfield>
    <subfield code="d">2009-12-11</subfield>
    <subfield code="i">LF1</subfield>
    <subfield code="l">0</subfield>
    <subfield code="o">BNPHU PD 972.9373 O12b</subfield>
    <subfield code="p">14388-20</subfield>
    <subfield code="r">2020-06-25</subfield>
    <subfield code="t">e. 2</subfield>
    <subfield code="w">2020-06-25</subfield>
    <subfield code="y">LBS1</subfield>
    <subfield code="Z">No se presta</subfield>
  </datafield>
  <datafield tag="952" ind1=" " ind2=" ">
    <subfield code="0">0</subfield>
    <subfield code="1">0</subfield>
    <subfield code="2">ddc</subfield>
    <subfield code="5">6</subfield>
    <subfield code="7">0</subfield>
    <subfield code="8">DS</subfield>
    <subfield code="a">BNPHU</subfield>
    <subfield code="b">BNPHU</subfield>
    <subfield code="c">HD</subfield>
    <subfield code="d">2013-05-27</subfield>
    <subfield code="i">LF1</subfield>
    <subfield code="l">0</subfield>
    <subfield code="o">BNPHU DS 972.9373 O12b</subfield>
    <subfield code="p">14388-30</subfield>
    <subfield code="r">2020-06-25</subfield>
    <subfield code="t">e. 3</subfield>
    <subfield code="w">2020-06-25</subfield>
    <subfield code="y">LBS1</subfield>
    <subfield code="Z">No se presta</subfield>
  </datafield>
  <datafield tag="999" ind1=" " ind2=" ">
    <subfield code="c">13979</subfield>
    <subfield code="d">13979</subfield>
  </datafield>
</record>
